00167nam a2200061Ia 4500008004100000100001800041245004600059120527s9999 xx 000 0 und d aGraaff, Van M aA photographic atlas for the Biology Lab.